Aspectos sustantivos y la prueba en los delitos contra la administración pública (Registro nro. 20681)

Detalles MARC
000 -Cabecera
Campo de control interno 00489nam a2200181Ia 4500
005 - Fecha y hora del registro
control field 20260306172823.0
008 - Elementos de Longitud Fija
fixed length control field 260306t2023||||xx |||||||||||||| ||spa||
041 ## - Idioma
Codigo Idioma ESP
082 ## - DEWEY y NOTACIÓN INTERNA
Dewey 343.6
Notación Interna P42
100 ## - AUTOR
Autor denominación Peña Cabrera Freyre, Alonso,
Término de relación autor
245 #0 - TÍTULO DE MATERIAL BIBLIOGRÁFICO
Título Aspectos sustantivos y la prueba en los delitos contra la administración pública
260 ## - CIUDAD, EDITORIAL, AÑO
Año 2023
300 ## - DESCRIPCIÓN
N° Páginas 894 páginas :
Dimensiones 25 cm.
650 ## - TEMAS
Temas Generalidades
654 ## - PROGRAMAS
Programa Dpto. de Derecho y Ciencia Política
942 ## - ELEMENTOS DE KOHA
Tipo de documento Libro
Nombre del creador Justo Noguera
Código de catalogador Justo Noguera
Esquema de clasificación Dewey Decimal Classification
Suppress in OPAC
Existencias
Codigo completo Registro Colección Copia número Disponibilidad Tipo de préstamo Biblioteca Actual Procedencia (Biblioteca) Ubicacón Fecha Ingreso Tipo de Adquisición Date last seen Total checkouts Price effective from Tipo de Item Estado del Material Fuente de Clasificación Damaged status Withdrawn status
343.6 P42 1078571 Universidad Católica San Pablo 1 Disponible Disponible Víctor Andrés Belaunde Víctor Andrés Belaunde Primer piso 03/06/2026 Suscripción 06/03/2026   06/03/2026 Libro Bueno Dewey Decimal Classification